| 000 | 00875nam a22002177a 4500 | ||
|---|---|---|---|
| 999 |
_c4322 _d4322 |
||
| 003 | AR-CdUCM | ||
| 008 | 190308b ||||| |||| 00| 0 spa d | ||
| 040 |
_aMUNICIPALIDAD PROVINCIAL DEL CUSCO _cBIBLIOTECA MUNICIPAL DEL CUSCO |
||
| 082 |
_a787.87 / _bM97 |
||
| 100 |
_aMurguía Huillca, Percy _913660 |
||
| 245 |
_aPartituras para guitarra : _bmúsica arequipeña / |
||
| 260 |
_aArequipa : _bImprenta Colca Wasi, _c2009. |
||
| 300 |
_a31 páginas ; _c29.5 cm. |
||
| 505 | _aContenido: La chica que me quiera -- Rio de Arequipa -- Quebradita de Chilina -- El chaque de tripas -- Caymeñita -- Palomita ¿donde vais? -- Himno de Arequipa. | ||
| 650 |
_aMúsica para guitarra _913661 |
||
| 650 |
_aMúsica folclórica _95852 |
||
| 650 |
_a Yaravíes - Partituras. _913662 |
||
| 700 |
_aMurguía Huillca, Percy (transcripción) _913663 |
||
| 942 |
_2ddc _cLIBROS |
||
| 945 | _aafb | ||